| 000 | 01030nam a22002897a 4500 | ||
|---|---|---|---|
| 005 | 20131030142552.0 | ||
| 008 | 131030b2013 ck il | |||| 00| 0 spa d | ||
| 020 | _a9789587615401 | ||
| 041 | _aspa | ||
| 044 | _ack | ||
| 082 |
_a584.5 _bC21c4 |
||
| 245 |
_aCartilla para el manejo y aprovechamiento de la palma de chambira (Astrocaryum chambira) _cNestor García ...[et al]. |
||
| 260 |
_aBogotá _bUniversidad Nacional de Colombia. Facultad de Ciencias, Instituto de Ciencias Naturales _c2013 |
||
| 300 |
_a44 p. _bil. _c21 cm. |
||
| 650 |
_aPalmas _91495 |
||
| 650 |
_aArecaceae _92252 |
||
| 650 |
_aPalma de cumare _xuso _zAmazonas (Región) _zColombia _92267 |
||
| 650 |
_aArtesanías _zAmazonas (Región) _zColombia _92268 |
||
| 650 |
_aFibras vegetales _92269 |
||
| 700 |
_aGarcía, Nestor _d1976 - _92270 |
||
| 700 |
_aGaleano, Gloria _9443 |
||
| 700 |
_aBernal, Rodrigo _92255 |
||
| 700 |
_aNacimiento, Armando _92260 |
||
| 700 |
_aNoriega, Hernando _92271 |
||
| 700 |
_aÁngel, Victoria _92272 |
||
| 942 |
_2ddc _cImpreso |
||
| 999 |
_c7702 _d7702 |
||